Money Market Integration /

We use transaction-level data and detailed modeling of the high-frequency behavior of federal funds and Eurodollar yield spreads to provide evidence of strong integration between the federal funds and Eurodollar markets, the two core components of the dollar money market. Our results contrast with p...

Полное описание

Библиографические подробности
Главный автор: Bartolini, Leonardo
Другие авторы: Hilton, R. Spence, Prati, Alessandro
Формат: Журнал
Язык:English
Опубликовано: Washington, D.C. : International Monetary Fund, 2006.
Серии:IMF Working Papers; Working Paper ; No. 2006/207
Предметы:
Online-ссылка:Full text available on IMF
LEADER 02056cas a2200337 a 4500
001 AALejournalIMF004341
008 230101c9999 xx r poo 0 0eng d
020 |c 5.00 USD 
020 |z 9781451864670 
022 |a 1018-5941 
040 |a BD-DhAAL  |c BD-DhAAL 
100 1 |a Bartolini, Leonardo. 
245 1 0 |a Money Market Integration /  |c Leonardo Bartolini, R. Spence Hilton, Alessandro Prati. 
264 1 |a Washington, D.C. :  |b International Monetary Fund,  |c 2006. 
300 |a 1 online resource (28 pages) 
490 1 |a IMF Working Papers 
500 |a <strong>Off-Campus Access:</strong> No User ID or Password Required 
500 |a <strong>On-Campus Access:</strong> No User ID or Password Required 
506 |a Electronic access restricted to authorized BRAC University faculty, staff and students 
520 3 |a We use transaction-level data and detailed modeling of the high-frequency behavior of federal funds and Eurodollar yield spreads to provide evidence of strong integration between the federal funds and Eurodollar markets, the two core components of the dollar money market. Our results contrast with previous evidence of segmentation of these two markets, showing them to be well integrated even at high intra-day frequency. We document several patterns in the behavior of federal funds and Eurodollar spreads, including liquidity effects from trading volume to yield spreads volatility. Our analysis supports the view that targeting federal funds rates alone is sufficient to stabilize rates in the, much larger, dollar money market as a whole. 
538 |a Mode of access: Internet 
650 7 |a Break  |2 imf 
650 7 |a Eurodollar Market  |2 imf 
650 7 |a Federal Funds  |2 imf 
650 7 |a Interest Rate  |2 imf 
650 7 |a WP  |2 imf 
651 7 |a United States  |2 imf 
700 1 |a Hilton, R. Spence. 
700 1 |a Prati, Alessandro. 
830 0 |a IMF Working Papers; Working Paper ;  |v No. 2006/207 
856 4 0 |z Full text available on IMF  |u http://elibrary.imf.org/view/journals/001/2006/207/001.2006.issue-207-en.xml  |z IMF e-Library